000 00627nam a22002057a 4500
005 20260120121618.0
010 _aENG-147552
020 _a9789357317146
_c499.00
035 _aEN-131084
037 _bDBAD
082 _a921
_21
100 _aAribam, Angellica
_986627
245 _aWe, the Women of India/
_cAngellica Aribam [and] Akash Satyawali
250 _a1
260 _aGurugram
_bHachette Book Publishing Pvt. Ltd.
_c2025
270 _a4th&5th Floors, Corporate Centre Plot No. 94, Sector 44,
_bGurugram
_e122003
300 _a239p.
_c20cm(pb)
760 _b1
942 _2ddc
_cEN
_h921
_mARI
_e1
999 _c214303
_d214303